00306nam a2200121Ia 4500008004100000041000800041082001600049100001900065245001900084260004200103300003000145365000900175240624s9999 xx 000 0 und d aeng a332.678 KAZ aKAZANJIAN KIRK aMARKET MASTERS c2005aNew JerseybJohn Wiley and Sons aix, : 278 : p. : cm. ; 23 cb28